|
|
|
|
| LEADER |
00624nam a22001577a 4500 |
| 020 |
|
|
|a 9788182652958
|
| 082 |
|
|
|a M 894.812 3
|b KUN/A
|
| 100 |
|
|
|a കുഞ്ഞബ്ദുള്ള, പുനത്തിൽ
|
| 245 |
|
|
|a അലിഗഡ് കഥകൾ
|
| 260 |
|
|
|a Kozhikode:
|b Mathrubhumi,
|c 2012
|
| 300 |
|
|
|a 222p.
|
| 650 |
|
|
|a Aligarh kathakal
|a Malayalam fiction
|a Malayalam literature
|
| 700 |
|
|
|a Kunhabdulla, Punathil
|
| 942 |
|
|
|c BK
|
| 999 |
|
|
|c 37210
|d 37210
|
| 952 |
|
|
|0 0
|1 0
|4 0
|6 M_894_812000000000000_3_KUNA
|7 0
|8 Stack
|9 39406
|a KUCL
|b KUCL
|c Stack
|d 2016-01-04
|l 6
|m 1
|o M 894.812 3 KUN/A
|p 34815
|r 2019-08-05
|s 2019-08-05
|w 2016-01-04
|y BK
|